| 000 | 00602nas a22001937a 4500 | ||
|---|---|---|---|
| 999 |
_c6538 _d6538 |
||
| 003 | OSt | ||
| 005 | 20181023113548.0 | ||
| 008 | 130628u1999 sp ||||| |||| 00| 0 cat d | ||
| 040 |
_cCDMR _bcat |
||
| 245 | 0 | _aPaideia TV | |
| 260 |
_aBarcelona _bObservatori Europeu de la Televisió Infantil |
||
| 260 |
_bComissionat de les Arts Audiovisuals de Barcelona _c1999-2010? |
||
| 300 |
_av. _ccm. |
||
| 310 | _aAnual | ||
| 362 | _aNúm. 1 (nov. 1999) - Núm. 12 (2010) | ||
| 650 | 0 | 4 |
_92508 _aTelevisió i infants _vRevistes |
| 710 | 2 |
_93893 _aObservatori Europeu de la Televisió Infantil |
|
| 856 |
_uhttp://www.oeti.org/web/festival-publicaciones-old.php _yDisponible resums de la revista (Portal Web) |
||
| 942 |
_2udc _cSER |
||